000 00457nam a22001697a 4500
999 _c526897
_d526897
003 NUST
020 _a969-8769-00-5
_qHBK
038 _aFaiza
082 _a891.421
_bRAM
100 _aRampuri, Gorjarn
_917902
245 _aSanjha Asmaan /
_cGorjarn Rampuri
260 _aLahore :
_bMaqsood publishers,
_c2003.
300 _a261 p. ;
880 _6100-01\r
_aگورجرن رامپوری
880 _6245-02\r
_aسانجھا آسمان /
942 _2ddc
_cBK